Catálogo

Vista normal Vista MARC

Entrada Personal Name

Número de registros utilizados en: 2

001 - CONTROL NUMBER

  • control field: 9999

003 - CONTROL NUMBER IDENTIFIER

  • control field: DLC

005 - DATE AND TIME OF LATEST TRANSACTION

  • control field: 20250630152932.0

008 - FIXED-LENGTH DATA ELEMENTS

  • fixed length control field: 140919n| azannaabn a aaa c

010 ## - LIBRARY OF CONGRESS CONTROL NUMBER

  • LC control number: ns2014004453

035 ## - SYSTEM CONTROL NUMBER

  • System control number: (CaEvSKY)skya10584146

040 ## - CATALOGING SOURCE

  • Original cataloging agency: MX-MxITA
  • Language of cataloging: spa
  • Description conventions: rda
  • Transcribing agency: Mx-PuUPA
  • Modifying agency: Mx-PuUPA

100 1# - HEADING--PERSONAL NAME

  • Personal name: Serrano Herrera, Carlos,

374 ## - OCCUPATION

  • Occupation: Coordinador

375 ## - GENDER

  • Gender: HOMBRE

377 ## - ASSOCIATED LANGUAGE

  • Language code: spa

400 1# - SEE FROM TRACING--PERSONAL NAME

  • Personal name: Herrera, Carlos Serrano

670 ## - SOURCE DATA FOUND

  • Source citation: Anuario de migración y remesas, 2014:
  • Information found: verso title page (coordinador general Carlos Serrano Herrera)

670 ## - SOURCE DATA FOUND

  • Source citation: Anuario de migración y remesas, 2017:
  • Information found: verso title page (coordinador general Carlos Serrano Herrera)

670 ## - SOURCE DATA FOUND

  • Source citation: Biblioteca del congreso (Estados Unidos), 19 septiembre 2019:
  • Information found: Catálogo electrónico
  • Uniform Resource Identifier: http://bit.ly/2kSUO5z